00995cam a2200253 a 450000100100000000500170001000800410002702000150006803500190008304000250010208200180012710000450014524500510019026000650024130000200030649000810032665000310040765000310043883000920046991000340056104900090059595201220060499900150072600001023520200929162217.0901115s1982 sp 000 p spa  a8400051637 a(DLC) 90874395 aDO-SdBNPcDLCdBNPHU a861.44bR666c1 aRobredo García, Vicente,d1952-92523910aCuando se es puente /cVicente Robredo Garcia. aZaragoza :bInstitución "Fernando el Católico",c[1982]. a80 p. ;c25 cm.1 a"San Jorge"v31aPublicación de la Institucion "Fernando el Catolico"v867 4aPoesís española925240 4aLiteratura española9632 0a"San Jorge" ;v31pPublicación de la Institucion "Fernando el Catolico" ;v867925241 aCatalogación por copia / LC aBNGR 001052708MOaGRbGRcCTd2009-10-05iLF1l0o861.44 R666cp10235-10r2020-06-25w2020-06-25y2ZPréstamo interno c9994d9994